University Home | Library Home | Institutional Repository

Darkness or Light : (Record no. 216570)

MARC details
000 -LEADER
fixed length control field 00722nam a22001817a 4500
005 - DATE AND TIME OF LATEST TRANSACTION
control field 20260409133031.0
008 - FIXED-LENGTH DATA ELEMENTS--GENERAL INFORMATION
fixed length control field 260409b |||||||| |||| 00| 0 eng d
040 ## - CATALOGING SOURCE
Original cataloging agency LC
Transcribing agency UNZA
Modifying agency UNZA
Description conventions RDA
050 ## - LIBRARY OF CONGRESS CALL NUMBER
Classification number ZAMB BV3630
Item number KEA 1914
100 ## - MAIN ENTRY--PERSONAL NAME
Personal name Keable, Robert
245 ## - TITLE STATEMENT
Title Darkness or Light :
Remainder of title studies in the history of the Universities' Mission to Central Africa illustrating the theory and practice of missions /
Statement of responsibility, etc. Robert Keable.
260 ## - PUBLICATION, DISTRIBUTION, ETC.
Place of publication, distribution, etc. London:
Name of publisher, distributor, etc. Universities’ Mission to Central Africa,
Date of publication, distribution, etc. 1914.
300 ## - PHYSICAL DESCRIPTION
Extent xii, 275 pages:
Other physical details illustrations.
504 ## - BIBLIOGRAPHY, ETC. NOTE
Bibliography, etc. note Includes an index.
650 ## - SUBJECT ADDED ENTRY--TOPICAL TERM
Topical term or geographic name entry element Christian missions
Geographic subdivision Central Africa.
700 ## - ADDED ENTRY--PERSONAL NAME
Personal name Weston Frank, D.D.
Titles and other words associated with a name Right Reveland
Relator term Preface writer
942 ## - ADDED ENTRY ELEMENTS (KOHA)
Koha item type Zambian collection
999 ## -
-- 216570
-- 216570
Holdings
Withdrawn status Lost status Source of classification or shelving scheme Damaged status Not for loan Home library Current library Shelving location Date acquired Total Checkouts Full call number Barcode Date last seen Copy number Price effective from Koha item type
    Library of Congress Classification     Main Library Main Library Special collections 04/09/2026   ZAMB BV3630 KEA 1914 33729000122643 04/09/2026 C.1 04/09/2026 Zambian collection
    Library of Congress Classification     Main Library Main Library Special collections 04/09/2026   ZAMB BV3630 KEA 1914 33729000122700 04/09/2026 C.2 04/09/2026 Zambian collection
© 2026 - The University of Zambia Library - Koha v25.11